Installation of his majesty Yang di-Pertuan Agong XII Tuanku Syed Sirajuddin Ibni Al-marhum Tuanku Syed Putra Jamalullail
| Format: | Book |
|---|---|
| Published: |
Kuala Lumpur :
Jabatan Perkhidmatan Penerangan Malaysia ,
2002
|
| Subjects: |
MARC
| LEADER | 00000cam a2200000 7i4500 | ||
|---|---|---|---|
| 001 | 0000014104 | ||
| 005 | 20040110.0 | ||
| 020 | |a 9835403124 | ||
| 040 | |a INS | ||
| 090 | 0 | 0 | |a DS597.215 |b S25 2002 |
| 245 | 1 | 0 | |a Installation of his majesty Yang di-Pertuan Agong XII Tuanku Syed Sirajuddin Ibni Al-marhum Tuanku Syed Putra Jamalullail |
| 260 | |a Kuala Lumpur : |b Jabatan Perkhidmatan Penerangan Malaysia , |c 2002 | ||
| 300 | |c 28cm. | ||
| 650 | 0 | 0 | |a Coronations |x Malaysia |
| 999 | |a 0000014259 |b BOOK |c Open Shelf |e Default branch | ||